000
00321nam a2200109Ia 4500
008
200302s9999 xx 000 0 und d
100
_a
Herausgeber
245
_a
Resource Architecture Main Congress Report and Outlook UIA Berlin 2002
260
_b
Birkhauser-Publishers for Architecture
260
_c
2002
300
_a
288 P.,
999
_c
2083
_d
2083